Statystyki dla Polscy nobliści

Kliknij tutaj aby rozwiązać quiz!

Ogólne statystyki

  • Ten quiz został rozwiązany 78 razy
  • Średni wynik to 6 z 8

Statystyki odpowiedzi

RokOdpowiedź% Poprawnych
1903,1911Maria Skłodowska-Curie
95%
1983Lech Wałęsa
91%
1996Wisława Szymborska
83%
1980Czesław Miłosz
82%
1905Henryk Sienkiewicz
78%
2018Olga Tokarczuk
77%
1924Władysław Reymont
74%
1995Józef Rotblat
14%

Rozkład punktacji

Percentyl według liczby udzielonych odpowiedzi

Procent ludzi z każdym wynikiem

Twoja historia wyników

Nie rozwiązałeś tego quizu